00967nab a2200265uuc4500001000800000005001700008008004100025035001200066035002100078040001300099041000800112100003800120245015000158650002700308650001900335650003300354650002700387650004000414650002100454700003500475700003900510773012300549942001000672999001900682103189720240202082511.0070604e20060601 eng  a1031897 a(OCoLC)820178055 ccomduadb aeng10aAvalos, Gerardo4auteaut941633810aImpact of the invasive plant syzigium jambos (myrtaceae) on patterns of understory seedling abundance in a tropical premontane forest, Costa Rica aManejo forestal997140 aEspecies93663 7aCalidad del agua2lemb92118 aSyzigium jambos938883 7aConservación del agua2lemb95944 aMirtaceas92443410aHoell, Kelly4auteaut943583910aGardner, Jocelyn4auteaut94358400 tRevista de Biología Tropical (San José)gVolumen 54, Número 02, Junio 2006, p. 415-421w104773x0034-7744091049 cARIMP c426379d426379